Central Library OPAC University of Rajshahi

Balance sheets and the lending banker : (Record no. 43557)

MARC details
000 -LEADER
fixed length control field 00790nam a2200253 a 4500
001 - CONTROL NUMBER
control field 43557
003 - CONTROL NUMBER IDENTIFIER
rucl marc code BD-RjUL
005 - DATE AND TIME OF LATEST TRANSACTION
control field 20211209053721.0
008 - FIXED-LENGTH DATA ELEMENTS--GENERAL INFORMATION
fixed length control field 160625s1961 enka 001 0 eng
035 ## - SYSTEM CONTROL NUMBER
System control number (BD-RjUL)43675
040 ## - CATALOGING SOURCE
Original cataloging agency DLC
Transcribing agency DLC
Modifying agency DLC
Language of cataloging eng
041 ## - LANGUAGE CODE
Language code of text/sound track or separate title eng
082 00 - DEWEY DECIMAL CLASSIFICATION NUMBER
Classification number 657.3
Author mark and year CLB 1961
100 1# - MAIN ENTRY--PERSONAL NAME
Personal name Clemens, J. H.
Fuller form of name (James Harold)
9 (RLIN) 133804
245 10 - TITLE STATEMENT
Title Balance sheets and the lending banker :
Remainder of title a new assessment of accounts and their interpretation in relation to bank advances /
Statement of responsibility, etc. J. H. Clemens
250 ## - EDITION STATEMENT
Edition statement 3rd rev. ed.
260 ## - PUBLICATION, DISTRIBUTION, ETC. (IMPRINT)
Place of publication, distribution, etc. London :
Name of publisher, distributor, etc. Europa,
Date of publication, distribution, etc. 1961.
300 ## - PHYSICAL DESCRIPTION
Pagination 271 p. :
Illustrations ill. ;
Size 25 cm.
500 ## - GENERAL NOTE
General note Includes index.
650 #0 - SUBJECT ADDED ENTRY--TOPICAL TERM
Topical term or geographic name as entry element Bank credit.
9 (RLIN) 133805
Topical term or geographic name as entry element Financial statements.
9 (RLIN) 133806
942 ## - ADDED ENTRY ELEMENTS (KOHA)
Source of classification or shelving scheme Dewey Decimal Classification
Koha item type Books
Holdings
Lost status Source of classification or shelving scheme Damaged status Not for loan Collection code Permanent Location Current Location Shelving location Date acquired Source of acquisition Cost, normal purchase price Total Checkouts Full call number Date last seen Copy number Koha item type
  Dewey Decimal Classification     Non-fiction Central Library, University of Rajshahi Central Library, University of Rajshahi   18/11/1963 Zeitlinger 30.00   657.3 CLB 1961 25/06/2016 C-2 Books
  Dewey Decimal Classification     Non-fiction Central Library, University of Rajshahi Central Library, University of Rajshahi   18/11/1963 Zeitlinger 30.00   657.3 CLB 1961 25/06/2016 C-3 Books
  Dewey Decimal Classification     Non-fiction Central Library, University of Rajshahi Central Library, University of Rajshahi   18/11/1963 Zeitlinger 30.00   657.3 CLB 1961 25/06/2016 C-4 Books